Štruktúrne zmeny pracovnej sily v priemyselnej výrobe vplyvom industry 4.0
Dopady Industry 4.0 na sektor priemyslu v Slovenskej republike so zameraním sa na zmeny v štruktúre pracovnej sily. Zmena v štruktúre zloženia pracovnej sily v priemysle Slovenskej republiky. Zmena v štruktúre odmeňovania pracovnej sily v priemysle Slovenskej republiky. Produktivita práce v priemysl...
Guardado en:
| Autor principal: | |
|---|---|
| Otros Autores: | |
| Formato: | Capítulo de libro |
| Lenguaje: | eslovaco |
| Materias: | |
| Etiquetas: |
Sin Etiquetas, Sea el primero en etiquetar este registro!
|
MARC
| LEADER | 00000naa$a2200000$$$4500 | ||
|---|---|---|---|
| 001 | 0271314 | ||
| 005 | 20240502074251.7 | ||
| 041 | 0 | |a slo | |
| 044 | |a SK | ||
| 245 | 1 | 0 | |a Štruktúrne zmeny pracovnej sily v priemyselnej výrobe vplyvom industry 4.0 |c Eva Rievajová, Michal Hrnčiar |
| 520 | |a Dopady Industry 4.0 na sektor priemyslu v Slovenskej republike so zameraním sa na zmeny v štruktúre pracovnej sily. Zmena v štruktúre zloženia pracovnej sily v priemysle Slovenskej republiky. Zmena v štruktúre odmeňovania pracovnej sily v priemysle Slovenskej republiky. Produktivita práce v priemysle Slovenskej republiky. | ||
| 610 | 2 | 0 | |a produkcia |
| 610 | 2 | 0 | |a inovácia |
| 610 | 2 | 0 | |a priemysel |
| 610 | 2 | 0 | |a priemysel 4.0 |
| 610 | 2 | 0 | |a trh práce |
| 610 | 2 | 0 | |a výroba priemyselná |
| 100 | 1 | |a Rievajová, Eva | |
| 700 | 1 | |a Hrnčiar, Michal, 1994- | |